| 000 | 01451nam a22003497a 4500 | ||
|---|---|---|---|
| 003 | OSt | ||
| 005 | 20230418114350.0 | ||
| 007 | Texto | ||
| 008 | 140205b xxu||||| |||| 00| 0 eng d | ||
| 020 | _a9789962896616 | ||
| 040 |
_aBIESPA _bspa _cBIESPA |
||
| 082 |
_221 _a174.3 _bEs82m |
||
| 110 | _aEstudio Jurídico Araúz | ||
| 245 |
_aCódigo de Etica y Responsabilidad Profesional del Abogado: _bManual Conozca a su Cliente, _cEstudio Jurídico Araúz, |
||
| 260 |
_aPanamá: _bCentro de Capacitación y Adiestramiento, _c2010. |
||
| 300 |
_a40 páginas, _c14 cm. |
||
| 336 |
_2rdacontent _atexto _btxt |
||
| 337 |
_2rdamedia _ano mediado _bn |
||
| 338 |
_2rdacarrier _avolumen _bnc |
||
| 440 | _aEjemplar 0943, Ubicación Ética. | ||
| 500 | _aEscrito en el idioma español. Primera edición, Es un código de gran apoyo al especialista en derecho, en las prestaciones de los servicios jurídicos. herramienta útil en el día a día de sus labores profesionales. | ||
| 650 |
_2Tesauros _aCodigo de Etica _xAbogado |
||
| 650 |
_2Tesauros _aDerecho |
||
| 650 |
_2Tesauros _aEtica Profesional _xResponsabilidad |
||
| 650 |
_2Tesauros _aEstudio Jurídico |
||
| 650 |
_2Tesauros _aDelitos _xPrevención |
||
| 650 |
_2Tesauros _aAbogados _xEtica Profesional |
||
| 700 |
_aJuan Carlos Araúz _4Director |
||
| 856 | _uhttp://biespaext.procuraduria-admon.gob.pa/files/original/998ea840fded3d952c831b1ec6db8d8f.pdf | ||
| 942 |
_2ddc _cBK |
||
| 990 | _aemd. | ||
| 999 |
_c15 _d15 |
||